Man and the ecosphere

Sparad:
Bibliografiska uppgifter
Huvudupphovsmän: Ehrlich, Paul R (Författare, medförfattare), Holdren, John P (Författare, medförfattare), Holm, Richard W (Författare, medförfattare)
Materialtyp: Bok
Språk:engelska
Publicerad: San Francisco W. H. Freeman 1971
Ämnen:
Taggar: Lägg till en tagg
Inga taggar, Lägg till första taggen!

MARC

LEADER 00000nam a2200000 a 4500
001 UCU5792
003 CL-VaPUC
008 960614e19710000US |||||||||||||||||eng|d
082 0 4 |a 577  |b EHR  |2 21 
100 0 |a Ehrlich, Paul R  |e author  |9 363786 
700 |a Holdren, John P  |e author  |9 535615 
700 0 |a Holm, Richard W  |e author  |9 363788 
245 1 0 |a Man and the ecosphere 
300 |a 307 p 
942 |c BK 
945 |d 19960614 00:00:00  |a rbrito 
260 |a San Francisco  |b W. H. Freeman  |c 1971 
650 0 |a Ecología   |9 258124 
650 0 |a Agricultura  |9 255598 
650 7 |a BIOSFERA  |2 CL-VaPUC  |9 264378 
650 0 |a Agua  |9 257149 
650 0 |a Recursos marinos  |9 261196 
650 7 |a TOXINAS  |2 CL-VaPUC  |9 345908 
650 0 |a Radiación  |9 259874 
650 0 |a Vida acuática   |9 363789 
650 7 |a DIOXIDO DE CARBONO  |2 CL-VaPUC  |9 363790 
650 0 |a Climatología   |9 262302 
650 0 |a Fertilizantes  |9 262833 
583 |a last modification  |c 19960614 00:00:00  |k Rodrigo Vera 
999 |c 248978  |d 248976 
952 |0 0  |1 0  |4 0  |6 577_000000000000000_EHR_1971  |7 0  |8 A  |9 265952  |a BIBCUR  |b BIBCUR  |d 2019-11-19  |i 3193969  |o 577 EHR 1971  |p 3193969  |r 2025-04-22  |w 2019-11-19  |y BK  |k BCB